00543 2200205 4500001002100000005001500021035002000036245004400056100001700100250001100117300003400128856002200162856001500184700003000199260003900229082001100268084001700279020002200296600001900318INLIS00000000000021620200121015737 a0010-01200002161 aKomik 10 Pahlawan Islam /cIzzah Annisa0 aIzzah Annisa aKeenam a114 :bIlustrasi ;c24 x 5 cm aPerpustakaan Umum aLantai dua0 aPenyunting Aminah Mustari aJakarta Timur :bAl-Kautsar,c2018 a297.96 a297.96 IZZ k a978-602-1694-33-6 4aPahlawan Islam